Objetos del hogar /

Guardat en:
Dades bibliogràfiques
Autor principal: Asensio Cerver, Francisco (autor)
Format: Llibre
Idioma:espanyol
Publicat: Barcelona, España : Arco, 1997, c1997
Matèries:
Etiquetes: Afegir etiqueta
Sense etiquetes, Sigues el primer a etiquetar aquest registre!

MARC

LEADER 00000nam^a2200000^a^4500
001 000172016
005 20250521000000.0
009 20260526125719.611
020 |a 2-88046-297-5 
037 |a Acervo ITESO - Biblioteca 
041 |a ESP 
082 |a 745. 2  |b ASC 
100 |a Asensio Cerver, Francisco  |e (autor) 
245 1 0 |a Objetos del hogar /  |c F. Asensio Cerver. 
264 4 |a Barcelona, España :  |b Arco,  |c 1997, c1997 
300 |a 147, [12] p. 
336 |a texto  |b txt  |2 rdacontenido 
337 |a sin mediación  |b n  |2 rdamedio 
338 |a volumen  |b nc  |2 rdasoporte 
649 |a XX 
650 |a Cubiertos 
650 |a Bombillas y Lámparas 
650 |a Objetos Decorativos 
650 |a Accesorios y Aparatos Domésticos 
650 |a Muebles 
650 |a Decoración y Ornamentación 
650 |a Diseño Industrial 
650 |a Comunicación Visual 
910 |a Fondo General 
920 |a Impresos - Libros 
930 |a Reserva Especial 
905 |a 103 
901 |a 0500110262  |b IT1  |c REE  |u 20250521 
902 |a https://opac.biblio.iteso.mx/vufind/Record/000172016